<?xml version="1.0" encoding="UTF-8"?><record xmlns="http://www.loc.gov/MARC21/slim" xmlns:zs="http://docs.oasis-open.org/ns/search-ws/sruResponse">
  <leader>00831cz  a2200181n  4500</leader>
  <controlfield tag="001">no2005114611</controlfield>
  <controlfield tag="003">DLC</controlfield>
  <controlfield tag="005">20140206070854.0</controlfield>
  <controlfield tag="008">051122n| azannaabn          |a aaa     c</controlfield>
  <datafield ind1=" " ind2=" " tag="010">
    <subfield code="a">no2005114611</subfield>
  </datafield>
  <datafield ind1=" " ind2=" " tag="035">
    <subfield code="a">(OCoLC)oca06798003</subfield>
  </datafield>
  <datafield ind1=" " ind2=" " tag="040">
    <subfield code="a">ItFiC</subfield>
    <subfield code="b">eng</subfield>
    <subfield code="e">rda</subfield>
    <subfield code="c">ItFiC</subfield>
    <subfield code="d">InNd</subfield>
    <subfield code="d">DLC</subfield>
  </datafield>
  <datafield ind1=" " ind2="0" tag="053">
    <subfield code="a">PQ4835.A315</subfield>
  </datafield>
  <datafield ind1="1" ind2=" " tag="100">
    <subfield code="a">Pascoli, Maria,</subfield>
    <subfield code="d">1865-1953</subfield>
  </datafield>
  <datafield ind1="1" ind2=" " tag="400">
    <subfield code="a">Pascoli, Mariù,</subfield>
    <subfield code="d">1865-1953</subfield>
  </datafield>
  <datafield ind1="1" ind2=" " tag="400">
    <subfield code="a">Pascoli, Maria Santa Adele Annetta,</subfield>
    <subfield code="d">1865-1953</subfield>
  </datafield>
  <datafield ind1=" " ind2=" " tag="670">
    <subfield code="a">Candida soror, 2005:</subfield>
    <subfield code="b">front flap (biography of Maria Pascoli) p. 6 (Maria Santa Adele Annetta Pascoli b. 1865 in San Mauro di Romagna, Italy; sister of the well known Italian poet, Giovanni Pascoli who used to call her Mariù) p. 300 (d. in 1953 in Castelvecchio, Italy)</subfield>
  </datafield>
  <datafield ind1=" " ind2=" " tag="670">
    <subfield code="a">LC database, Nov. 22, 2005</subfield>
    <subfield code="b">(hdgs: Pascoli, Maria, 1865-1953; Pascoli, Maria, 1865-)</subfield>
  </datafield>
</record>
